[Event "Russian Higher League 2020"]
[Site "?"]
[Date "2020.10.14"]
[Round "6.7"]
[White "Rozum, Ivan"]
[Black "Paravyan, David"]
[Result "0-1"]
[WhiteElo "2566"]
[BlackElo "2653"]
[PlyCount "90"]
[EventDate "2020.??.??"]

1. d4 d5 2. c4 e6 3. Nf3 Nf6 4. g3 Be7 5. Bg2 O-O 6. O-O dxc4 7. Qa4 a6 8. Qxc4
b5 9. Qc2 Bb7 10. Bd2 Be4 11. Qc1 Nc6 12. e3 b4 13. Qc4 Na5 14. Qe2 c5 15. Rc1
Rc8 16. dxc5 Bxc5 17. Be1 Qd6 18. Nbd2 Bd3 19. Qd1 Rfd8 20. Nb3 Nxb3 21. Qxb3
Be4 22. a3 bxa3 23. bxa3 Rb8 24. Qc3 Rdc8 25. Qe5 Qe7 26. Nh4 Bd6 27. Rxc8+
Rxc8 28. Qa5 Qb7 29. Bf1 Qb2 30. Rd1 Be7 31. Bb4 Ng4 32. Be1 Bxh4 33. gxh4 Qb8
34. f4 Nxe3 35. Rd4 Bb7 36. Bxa6 Bxa6 37. Qxa6 Nd5 38. f5 Rc1 39. Qa5 h6 40.
fxe6 fxe6 41. Re4 Qe8 42. Qd2 Qg6+ 43. Qg2 Qf5 44. h3 Nf4 45. Qf3 Nd3 0-1

[Event "Russian Higher League 2020"]
[Site "?"]
[Date "2020.10.14"]
[Round "6.8"]
[White "Rakhmanov, Aleksandr"]
[Black "Khismatullin, Denis"]
[Result "1-0"]
[WhiteElo "2646"]
[BlackElo "2604"]
[PlyCount "43"]
[EventDate "2020.??.??"]

1. c4 e5 2. Nf3 e4 3. Nd4 Nc6 4. e3 Nf6 5. Nc3 Bb4 6. Qb3 a5 7. a3 Nxd4 8. exd4
Bxc3 9. dxc3 a4 10. Qc2 O-O 11. Be2 Re8 12. g4 d5 13. g5 Ng4 14. h3 Nxf2 15.
Kxf2 e3+ 16. Bxe3 Rxe3 17. Kxe3 Qxg5+ 18. Kf2 Qh4+ 19. Kg2 Ra6 20. Rh2 Rh6 21.
Kh1 Bxh3 22. Bf1 1-0

[Event "Russian Higher League 2020"]
[Site "?"]
[Date "2020.10.14"]
[Round "6.9"]
[White "Lobanov, Sergei"]
[Black "Riazantsev, Alexander"]
[Result "1/2-1/2"]
[WhiteElo "2510"]
[BlackElo "2638"]
[PlyCount "81"]
[EventDate "2020.??.??"]

1. e4 Nc6 2. d4 d5 3. e5 f6 4. f4 Bf5 5. c3 e6 6. Bd3 Nh6 7. Nf3 Be7 8. O-O Qd7
9. a4 O-O 10. h3 Bxd3 11. Qxd3 Na5 12. Nbd2 c5 13. dxc5 Bxc5+ 14. Kh2 Be7 15.
b4 Nc6 16. b5 Na5 17. Nd4 fxe5 18. fxe5 Rxf1 19. Nxf1 Nf7 20. Bf4 Nc4 21. Re1
Rf8 22. Nd2 Nxd2 23. Qxd2 Nh8 24. Bg3 Ng6 25. a5 Bc5 26. Qe2 Bxd4 27. cxd4 Qc7
28. a6 bxa6 29. bxa6 Qc4 30. Qxc4 dxc4 31. Rb1 c3 32. Rc1 Rc8 33. Be1 c2 34.
Kg3 Ne7 35. Kf3 Nc6 36. Ke3 Nb8 37. Bb4 Nxa6 38. Bc5 Nc7 39. Rxc2 Nd5+ 40. Kd3
a5 41. Rb2 1/2-1/2

[Event "Russian Higher League 2020"]
[Site "?"]
[Date "2020.10.14"]
[Round "6.10"]
[White "Demchenko, Anton"]
[Black "Lysyj, Igor"]
[Result "1/2-1/2"]
[WhiteElo "2632"]
[BlackElo "2593"]
[PlyCount "112"]
[EventDate "2020.??.??"]

1. g3 d5 2. Nf3 c6 3. Bg2 Bg4 4. O-O Nd7 5. h3 Bxf3 6. exf3 g6 7. d4 Bg7 8. c3
e6 9. f4 Ne7 10. Nd2 O-O 11. Nf3 c5 12. dxc5 Nxc5 13. Be3 Rc8 14. Nd4 a6 15.
Qe2 Qc7 16. Rad1 b5 17. Rfe1 Nb7 18. Ra1 Nc6 19. Nxc6 Qxc6 20. Rad1 Nd6 21. g4
Rfe8 22. Rd3 Qc4 23. b3 Qc7 24. Bd2 Qa5 25. Ra1 b4 26. cxb4 Qa3 27. Re1 Qxa2
28. Qd1 Red8 29. Be3 Bc3 30. Re2 Qa3 31. f5 gxf5 32. Rxc3 Rxc3 33. Bh6 Rdc8 34.
Kh2 Qxb4 35. Qd2 f4 36. Bxf4 Rxb3 37. Qxb4 Rxb4 38. Bxd6 Rbc4 39. Re5 h6 40.
Bf1 Rc1 41. Kg2 a5 42. Rh5 f6 43. Rxh6 Kg7 44. g5 R1c6 45. Bf4 fxg5 46. Bxg5 e5
47. Rh4 Rg6 48. Rg4 a4 49. Bd3 e4 50. Bb1 a3 51. Be7 Rxg4+ 52. hxg4 Rc1 53. Ba2
Rc2 54. Bxd5 a2 55. Bxa2 Rxa2 56. Bc5 Kg6 1/2-1/2

[Event "Russian Higher League 2020"]
[Site "?"]
[Date "2020.10.14"]
[Round "6.11"]
[White "Alekseev, Evgeny"]
[Black "Iljiushenok, Ilia"]
[Result "1-0"]
[WhiteElo "2626"]
[BlackElo "2515"]
[PlyCount "139"]
[EventDate "2020.??.??"]

1. e4 c5 2. Nf3 d6 3. d4 cxd4 4. Nxd4 Nf6 5. Nc3 a6 6. Be2 e5 7. Nb3 Be7 8. O-O
O-O 9. Re1 Be6 10. Bf3 Nbd7 11. a4 Qc7 12. a5 Rfc8 13. Be3 h6 14. Nd2 Qc6 15.
Nf1 b5 16. axb6 Nxb6 17. Bc1 Qb7 18. Ne3 Bf8 19. h3 Nc4 20. b3 Nxe3 21. Rxe3
Rc7 22. Na4 d5 23. exd5 Bxd5 24. c4 Bxf3 25. Qxf3 Qxf3 26. Rxf3 Rb8 27. Ba3 Nd7
28. Kf1 f6 29. Ke2 Bxa3 30. Rxa3 Nf8 31. Rd3 Ne6 32. g3 Kf7 33. Kd2 Nd4 34. f4
h5 35. fxe5 fxe5 36. Re3 Kf6 37. Nc3 Kf5 38. Ne2 Rd8 39. Nxd4+ Rxd4+ 40. Kc3
Rc6 41. Ra1 Rcd6 42. c5 Rc6 43. b4 Ke6 44. Rae1 Rd5 45. Kc4 Rd4+ 46. Kb3 Rd5
47. Ka4 Rc8 48. Re4 Kf5 49. g4+ hxg4 50. Rxg4 Rd4 51. Ka5 Rc6 52. Rxg7 Rd3 53.
Ka4 Rxh3 54. Re7 Rhh6 55. R7xe5+ Kf4 56. Re8 Kf3 57. Rf8+ Kg2 58. Re7 Rhg6 59.
Rff7 Rh6 60. Rh7 Rhf6 61. Rhg7+ Kh3 62. Rh7+ Kg2 63. Reg7+ Kf3 64. Rf7 Ke4 65.
Rxf6 Rxf6 66. Rd7 Ke5 67. Ka5 Rh6 68. Ra7 Kd5 69. Rxa6 Rh1 70. Kb5 1-0

[Event "Russian Higher League 2020"]
[Site "?"]
[Date "2020.10.14"]
[Round "6.12"]
[White "Predke, Alexandr"]
[Black "Nesterov, Arseniy"]
[Result "1-0"]
[WhiteElo "2676"]
[BlackElo "2510"]
[PlyCount "141"]
[EventDate "2020.??.??"]

1. d4 d5 2. c4 c6 3. Nf3 Nf6 4. g3 e6 5. Bg2 Bb4+ 6. Nbd2 O-O 7. O-O b6 8. Qc2
Ba6 9. b3 c5 10. a3 Ba5 11. Bb2 Bxd2 12. Nxd2 cxd4 13. Bxd4 Nc6 14. Bc3 Rc8 15.
Rfd1 Qe7 16. Qb2 dxc4 17. Nxc4 Rfd8 18. Rxd8+ Qxd8 19. Ne3 Qe7 20. Rd1 Bb7 21.
b4 Ne8 22. b5 Nb8 23. Bb4 Qc7 24. Qd4 Bxg2 25. Kxg2 Nf6 26. g4 h6 27. h4 Qd7
28. Qe5 Qb7+ 29. f3 Nbd7 30. Qd4 a5 31. Bd6 Ne8 32. Bg3 Nf8 33. a4 Rc5 34. Rd3
Nf6 35. Bd6 e5 36. Bxe5 Ne6 37. Qd6 Ne4 38. Qb8+ Qxb8 39. Bxb8 Nc3 40. Bd6 Rc8
41. Be5 Nxa4 42. Ra3 f6 43. Bxf6 gxf6 44. Rxa4 Rc5 45. Re4 Ng7 46. Rf4 Rxb5 47.
Rxf6 a4 48. Nc4 Rc5 49. Nxb6 a3 50. Rf8+ Kxf8 51. Nd7+ Ke7 52. Nxc5 a2 53. Nb3
Kd6 54. Kf2 Kd5 55. Ke1 Kc4 56. Na1 Kc3 57. g5 hxg5 58. hxg5 Kb2 59. Kd2 Kxa1
60. Kc1 Ne6 61. g6 Ng7 62. e4 Ne6 63. e5 Ng7 64. f4 Ne6 65. f5 Nc5 66. g7 Nb3+
67. Kc2 Nd4+ 68. Kd3 Kb2 69. g8=Q a1=Q 70. Qg2+ Ne2 71. Qb7+ 1-0

[Event "Russian Higher League 2020"]
[Site "?"]
[Date "2020.10.14"]
[Round "6.13"]
[White "Murzin, Volodar"]
[Black "Zvjaginsev, Vadim"]
[Result "1/2-1/2"]
[WhiteElo "2465"]
[BlackElo "2617"]
[PlyCount "80"]
[EventDate "2020.??.??"]

1. e4 c5 2. Nf3 g6 3. c3 Bg7 4. d4 cxd4 5. cxd4 Nf6 6. Nc3 O-O 7. Bd3 d6 8. h3
e5 9. O-O exd4 10. Nxd4 Nc6 11. Be3 d5 12. Nxc6 bxc6 13. exd5 Nxd5 14. Nxd5
Qxd5 15. Qc2 Rb8 16. Be4 Bf5 17. Bxf5 Rxb2 18. Rad1 Qxf5 19. Qxc6 Rxa2 20. Rd7
a5 21. Ra7 h5 22. Qc4 Ra1 23. Rxa1 Bxa1 24. Qc5 Qb1+ 25. Kh2 Qb8+ 26. g3 h4 27.
Bf4 Qd8 28. Qxa5 Bd4 29. Qxd8 Rxd8 30. Ra2 hxg3+ 31. Bxg3 Bf6 32. Kg2 Kg7 33.
Re2 Rd5 34. Re4 Rd4 35. Re8 Rd8 36. Re4 Rd4 37. Re8 Rd8 38. Re4 Rd4 39. Re8 Rd8
40. Re4 Rd4 1/2-1/2

[Event "Russian Higher League 2020"]
[Site "?"]
[Date "2020.10.14"]
[Round "6.14"]
[White "Kobalia, Mikhail"]
[Black "Obgolts, Erik"]
[Result "1/2-1/2"]
[WhiteElo "2614"]
[BlackElo "2376"]
[PlyCount "144"]
[EventDate "2020.??.??"]

1. e4 c6 2. d4 d5 3. e5 c5 4. dxc5 e6 5. a3 Bxc5 6. Nf3 Ne7 7. Bd3 Ng6 8. O-O
Nc6 9. b4 Be7 10. Re1 O-O 11. Bb2 Bd7 12. Nbd2 b5 13. Bxb5 a5 14. Bxc6 Bxc6 15.
Bc3 Ba4 16. bxa5 Rc8 17. Nb1 Qd7 18. Ra2 Rc7 19. Bb4 Rfc8 20. Nd4 Rc4 21. Qd2
Qa7 22. c3 Bd8 23. Rb2 Bc7 24. f4 Bxa5 25. Bxa5 Qxa5 26. Rb4 Ne7 27. Re3 Qc5
28. Qd3 Nc6 29. Nxc6 Qxc6 30. Nd2 Rxb4 31. axb4 Qb6 32. Nf3 Bc2 33. Qd2 Be4 34.
Nd4 g6 35. Qb2 Qa6 36. h3 Ra8 37. b5 Qa4 38. Re1 Qc4 39. Re2 h5 40. h4 Qd3 41.
Kf2 Qd1 42. b6 Qh1 43. Kg3 Bd3 44. Re3 Qd1 45. Nf3 Be4 46. Re1 Qd3 47. Ra1 Rxa1
48. Qxa1 d4 49. cxd4 Bxf3 50. gxf3 Qb5 51. d5 exd5 52. Qd4 Qb1 53. f5 Qe1+ 54.
Kg2 Qe2+ 55. Qf2 Qxe5 56. b7 Kh7 57. fxg6+ fxg6 58. Qa7 Qe2+ 59. Kg3 Qe5+ 60.
Kf2 Qb2+ 61. Ke3 Qc3+ 62. Ke2 Qc2+ 63. Ke3 Qc3+ 64. Kf4 Qf6+ 65. Kg3 Qe5+ 66.
f4 Qc3+ 67. Kg2 Qb2+ 68. Kf3 Qb3+ 69. Ke2 Qc2+ 70. Kf3 Qb3+ 71. Ke2 Qc2+ 72.
Ke3 Qc3+ 1/2-1/2

[Event "Russian Higher League 2020"]
[Site "?"]
[Date "2020.10.14"]
[Round "6.15"]
[White "Makarian, Rudik"]
[Black "Goryachkina, Aleksandra"]
[Result "0-1"]
[WhiteElo "2441"]
[BlackElo "2582"]
[PlyCount "98"]
[EventDate "2020.??.??"]

1. e4 e5 2. Nf3 Nc6 3. Bb5 Nf6 4. O-O Nxe4 5. Re1 Nd6 6. Nxe5 Be7 7. Bf1 O-O 8.
d4 Nf5 9. Nf3 d5 10. c3 Bd6 11. a4 Nh4 12. h3 Ng6 13. a5 Nce7 14. a6 b6 15. Na3
c6 16. Nc2 h6 17. Ne5 Re8 18. Qh5 Bxe5 19. dxe5 c5 20. Bb5 Bd7 21. Bd3 c4 22.
Bxg6 fxg6 23. Qd1 Be6 24. Nd4 Nf5 25. Nxe6 Rxe6 26. b3 Rc8 27. Ra4 cxb3 28.
Qxb3 Qd7 29. Rb4 Rc5 30. Bf4 Qc6 31. Rd1 g5 32. Qb1 Ne7 33. Bd2 Ng6 34. Be3
Rxc3 35. Bd4 Rc4 36. Rxc4 dxc4 37. Bc3 Nf4 38. Rd8+ Re8 39. Rxe8+ Qxe8 40. Qe4
Qf7 41. Qa8+ Kh7 42. Qb7 Qf5 43. Qf3 Qb1+ 44. Kh2 Qd3 45. Qb7 Qxc3 46. Qxa7
Qxe5 47. Qb7 Ne6+ 48. g3 b5 49. a7 Nc7 0-1

[Event "Russian Higher League 2020"]
[Site "?"]
[Date "2020.10.14"]
[Round "6.17"]
[White "Samusenko, Maksim"]
[Black "Ovchinnikov, Vsevolod"]
[Result "1/2-1/2"]
[WhiteElo "2459"]
[BlackElo "2349"]
[PlyCount "71"]
[EventDate "2020.??.??"]

1. d4 Nf6 2. Nc3 d5 3. Bf4 g6 4. e3 Bg7 5. Nf3 O-O 6. Be2 c5 7. Ne5 Nc6 8. O-O
cxd4 9. exd4 Bf5 10. Re1 Nd7 11. Nxd5 Ncxe5 12. dxe5 e6 13. Ne3 Nxe5 14. Bf1
Nc6 15. c3 e5 16. Qxd8 Rfxd8 17. Bg5 f6 18. Nxf5 gxf5 19. Be3 f4 20. Bc1 Bh6
21. g3 Kg7 22. Kg2 fxg3 23. hxg3 Bxc1 24. Raxc1 Rd2 25. Re2 Rad8 26. Rce1 f5
27. Rxd2 Rxd2 28. Re2 Rd1 29. f3 Kf6 30. Kf2 Nd8 31. Rc2 Ne6 32. Be2 Rd8 33.
Bc4 Rd1 34. Be2 Rd8 35. Bc4 Rd1 36. Be2 1/2-1/2

[Event "Russian Higher League 2020"]
[Site "?"]
[Date "2020.10.14"]
[Round "6.18"]
[White "Sarana, Alexey"]
[Black "Shuvalova, Polina"]
[Result "1/2-1/2"]
[WhiteElo "2657"]
[BlackElo "2441"]
[PlyCount "95"]
[EventDate "2020.??.??"]

1. c4 Nf6 2. Nf3 e6 3. g3 d5 4. Bg2 Be7 5. b3 O-O 6. Bb2 b6 7. O-O Bb7 8. e3 c5
9. Nc3 Qc8 10. Rc1 Rd8 11. Qe2 Nc6 12. d3 d4 13. exd4 Nxd4 14. Nxd4 Bxg2 15.
Kxg2 Rxd4 16. f4 Qd7 17. Rf3 Rd8 18. Rd1 Qb7 19. Kg1 g6 20. Rdf1 Qd7 21. Rd1
Qb7 22. Re1 R4d7 23. Nd1 Ne8 24. Nf2 Bf6 25. Be5 Bg7 26. g4 f5 27. Re3 Bxe5 28.
Rxe5 Ng7 29. Qe3 Rd4 30. Qg3 Qf7 31. gxf5 exf5 32. Re7 Re8 33. Qh4 Rd7 34.
Rxe8+ Nxe8 35. Nh3 Nf6 36. Ng5 Qf8 37. Re3 Qd6 38. Qe1 Kg7 39. Qc3 Re7 40. Re5
h6 41. Nf3 Rf7 42. h3 Kh7 43. Kf2 Rg7 44. Ke3 Nd7 45. Re8 Nf6 46. Re5 Nd7 47.
Re8 Nf6 48. Re5 1/2-1/2

[Event "Russian Higher League 2020"]
[Site "?"]
[Date "2020.10.14"]
[Round "6.20"]
[White "Saidov, Bilukhadzh"]
[Black "Belyakov, Bogdan"]
[Result "1/2-1/2"]
[WhiteElo "2259"]
[BlackElo "2458"]
[PlyCount "80"]
[EventDate "2020.??.??"]

1. d4 d5 2. Bf4 Nf6 3. e3 g6 4. Nf3 Bg7 5. Be2 O-O 6. O-O c5 7. c3 Nc6 8. Ne5
Nxe5 9. Bxe5 b6 10. Bf3 e6 11. dxc5 bxc5 12. c4 Ba6 13. Na3 Qa5 14. Qc2 Rad8
15. Rfd1 dxc4 16. Nxc4 Rxd1+ 17. Rxd1 Qxa2 18. Nd6 Qa5 19. h3 Rd8 20. b3 Ne8
21. Ra1 Qb6 22. Bxg7 Kxg7 23. Ne4 Bb7 24. Qc3+ Kg8 25. Nxc5 Bxf3 26. gxf3 Nc7
27. Ne4 Nd5 28. Qe5 Qxb3 29. Rxa7 Qb8 30. Qa1 h6 31. h4 Qb3 32. h5 Nxe3 33.
Nf6+ Kf8 34. Nd7+ Kg8 35. hxg6 Qd1+ 36. Qxd1 Nxd1 37. Nc5 Rf8 38. Nd7 Rd8 39.
Nc5 Rf8 40. Nd7 Rd8 1/2-1/2

[Event "Russian Higher League 2020"]
[Site "?"]
[Date "2020.10.14"]
[Round "6.21"]
[White "Gaifullin, Artur"]
[Black "Pogosyan, Stefan"]
[Result "1-0"]
[WhiteElo "2440"]
[BlackElo "2442"]
[PlyCount "59"]
[EventDate "2020.??.??"]

1. d4 Nf6 2. c4 e6 3. Nf3 d5 4. g3 dxc4 5. Bg2 a6 6. O-O Nc6 7. Qc2 b5 8. Ne5
Nb4 9. Qd2 Nbd5 10. b3 cxb3 11. axb3 Bb7 12. Nd3 Be7 13. Ba3 O-O 14. Bxe7 Qxe7
15. Nc5 Rfb8 16. Rc1 Nd7 17. e4 N5f6 18. Nxb7 Rxb7 19. d5 e5 20. Qa5 Nc5 21.
Nd2 Rb6 22. Qc3 Nb7 23. Qxc7 Qxc7 24. Rxc7 a5 25. f4 Re8 26. fxe5 Rxe5 27. Rc6
Rxc6 28. dxc6 Nd6 29. Rxa5 Rc5 30. Nc4 1-0

[Event "Russian Higher League 2020"]
[Site "?"]
[Date "2020.10.14"]
[Round "6.22"]
[White "Stukan, Martin"]
[Black "Ibadov, Dashgyn"]
[Result "1-0"]
[WhiteElo "2316"]
[BlackElo "2296"]
[PlyCount "101"]
[EventDate "2020.??.??"]

1. e4 e5 2. Nf3 Nc6 3. Bb5 a6 4. Ba4 Nf6 5. O-O Be7 6. Bxc6 dxc6 7. d3 Bd6 8.
Nbd2 Be6 9. b3 Nd7 10. a4 Qe7 11. Nc4 f6 12. Bb2 c5 13. Qd2 Nb8 14. Nh4 Nc6 15.
f4 exf4 16. Nxd6+ Qxd6 17. Qxf4 O-O-O 18. Nf5 Qxf4 19. Rxf4 Bxf5 20. Rxf5 b6
21. Raf1 Rhe8 22. Bc3 a5 23. g4 Nd4 24. Bxd4 cxd4 25. g5 fxg5 26. Rxg5 Re7 27.
Rf2 Rd6 28. Kg2 Kd7 29. h4 g6 30. h5 Ke8 31. hxg6 Rxg6 32. Rxg6 hxg6 33. Rf6
Re5 34. Rxg6 Rc5 35. Kf3 Rxc2 36. e5 Rc3 37. Ke4 Kd7 38. Rg7+ Ke6 39. Kxd4 Rxb3
40. Rxc7 b5 41. axb5 Rxb5 42. Rc6+ Kd7 43. Ra6 Kc7 44. e6 Rh5 45. Ke4 Rh4+ 46.
Ke5 Rh5+ 47. Kf6 Rh6+ 48. Kg7 Rh4 49. Ra7+ Kd8 50. Kf6 Rh6+ 51. Ke5 1-0

[Event "Russian Higher League 2020"]
[Site "?"]
[Date "2020.10.14"]
[Round "6.23"]
[White "Kardashevskiy, Evgeny"]
[Black "Bimiev, Ahmad"]
[Result "1-0"]
[WhiteElo "2449"]
[BlackElo "2252"]
[PlyCount "67"]
[EventDate "2020.??.??"]

1. d4 Nf6 2. Nf3 e6 3. c4 d5 4. Nc3 Be7 5. g3 O-O 6. Bg2 dxc4 7. Ne5 Nbd7 8.
Nxc4 Rb8 9. O-O b6 10. Nb5 a6 11. Na7 Bb7 12. Nc6 Bxc6 13. Bxc6 b5 14. Na5 Rb6
15. a3 Qc8 16. b4 Rd8 17. Qc2 e5 18. Bb2 exd4 19. Bxd4 Nb8 20. Rfd1 Qe6 21.
Rac1 Ng4 22. Bxb6 Rxd1+ 23. Rxd1 cxb6 24. Bd5 Qf6 25. Qc8+ Bf8 26. Qxg4 bxa5
27. Rc1 axb4 28. axb4 Qe7 29. Rc8 h5 30. Qf5 Qd7 31. Bxf7+ Qxf7 32. Qxf7+ Kxf7
33. Rxb8 Bxb4 34. Rb6 1-0

[Event "Russian Higher League 2020"]
[Site "?"]
[Date "2020.10.14"]
[Round "6.24"]
[White "Rodchenkov, Vitaly"]
[Black "Sergeyev, Alexander"]
[Result "1-0"]
[WhiteElo "2321"]
[BlackElo "2374"]
[PlyCount "69"]
[EventDate "2020.??.??"]

1. d4 Nf6 2. Nf3 e6 3. c4 b6 4. a3 Bb7 5. Nc3 Be7 6. d5 exd5 7. cxd5 O-O 8. g3
Re8 9. Bg2 c6 10. d6 Bf8 11. O-O Re6 12. Ng5 Rxd6 13. Qb3 Re6 14. Nxe6 fxe6 15.
Bg5 h6 16. Bxf6 Qxf6 17. Rad1 d5 18. e4 Na6 19. exd5 Nc5 20. Qc2 cxd5 21. b4
Nd7 22. Qb3 Kh8 23. f4 Rc8 24. Nb5 a6 25. Nd4 Rc4 26. Ne2 a5 27. f5 axb4 28.
fxe6 Qxe6 29. Nf4 Bc5+ 30. Kh1 Qg4 31. Bxd5 Rc3 32. Qb1 Bxd5+ 33. Rxd5 Rf3 34.
axb4 Bf2 35. Qf5 1-0

[Event "Russian Higher League 2020"]
[Site "?"]
[Date "2020.10.14"]
[Round "6.25"]
[White "Rodin, Dmitrij"]
[Black "Nazaretyan, Tigran"]
[Result "1/2-1/2"]
[WhiteElo "2388"]
[BlackElo "2308"]
[PlyCount "93"]
[EventDate "2020.??.??"]

1. e4 e5 2. Nf3 Nc6 3. Bb5 a6 4. Ba4 Nf6 5. O-O Be7 6. d4 exd4 7. Re1 O-O 8. e5
Nd5 9. c3 Nb6 10. Bb3 dxc3 11. Nxc3 d6 12. Bf4 Bg4 13. h3 Bh5 14. g4 Bg6 15.
Qe2 dxe5 16. Rad1 Bd6 17. Nxe5 Re8 18. Nxc6 Rxe2 19. Nxd8 Rxe1+ 20. Rxe1 Rxd8
21. Bxd6 cxd6 22. f4 Bd3 23. Re7 Nc4 24. Rxb7 h5 25. Rc7 d5 26. Kf2 h4 27. Rc5
d4 28. Bxc4 dxc3 29. Bxd3 Rxd3 30. Rxc3 Rd2+ 31. Kf3 Rxb2 32. Ra3 Rh2 33. Ke4
g6 34. g5 Kg7 35. f5 gxf5+ 36. Kxf5 Rg2 37. Ra4 Rg3 38. Rxh4 Ra3 39. Rh6 Rxa2
40. h4 Rf2+ 41. Ke5 a5 42. h5 Re2+ 43. Kf5 Rf2+ 44. Ke5 Re2+ 45. Kf5 Rf2+ 46.
Ke5 Re2+ 47. Kf5 1/2-1/2

[Event "Russian Higher League 2020"]
[Site "?"]
[Date "2020.10.15"]
[Round "7.1"]
[White "Chigaev, Maksim"]
[Black "Esipenko, Andrey"]
[Result "1/2-1/2"]
[WhiteElo "2598"]
[BlackElo "2682"]
[PlyCount "81"]
[EventDate "2020.??.??"]

1. e4 e5 2. Nf3 Nc6 3. Bb5 Nf6 4. O-O Nxe4 5. Re1 Nd6 6. Nxe5 Be7 7. Bf1 Nxe5
8. Rxe5 O-O 9. d4 Bf6 10. Re1 Re8 11. c3 Rxe1 12. Qxe1 Ne8 13. Bf4 d5 14. Bd3
g6 15. Nd2 Ng7 16. Qe2 c6 17. Re1 Bf5 18. Bxf5 Nxf5 19. Nf3 Ng7 20. Be5 Ne6 21.
Bxf6 Qxf6 22. Ne5 Re8 23. Ng4 Qd8 24. Qe5 Ng7 25. Qxe8+ Nxe8 26. Rxe8+ Qxe8 27.
Nf6+ Kf8 28. Nxe8 Kxe8 29. f4 f5 30. Kf2 Ke7 31. g3 Ke6 32. Ke3 Ke7 33. Ke2 Ke6
34. Ke3 Ke7 35. Ke2 Ke6 36. Ke3 Ke7 37. Ke2 Ke6 38. Ke3 Ke7 39. Kd2 Kd6 40. Kd3
Ke6 41. Ke3 1/2-1/2

[Event "Russian Higher League 2020"]
[Site "?"]
[Date "2020.10.15"]
[Round "7.2"]
[White "Fedoseev, Vladimir"]
[Black "Goganov, Aleksey"]
[Result "1/2-1/2"]
[WhiteElo "2674"]
[BlackElo "2573"]
[PlyCount "131"]
[EventDate "2020.??.??"]

1. e4 e5 2. Nf3 Nc6 3. Bb5 Nf6 4. d3 Bc5 5. Bxc6 dxc6 6. Nbd2 Be6 7. h3 Nd7 8.
Nf1 f6 9. Ng3 Qe7 10. c3 O-O 11. O-O Rad8 12. Nf5 Bxf5 13. exf5 Qf7 14. Qc2 Bb6
15. Be3 Qh5 16. Bxb6 Nxb6 17. d4 Rde8 18. Rfe1 e4 19. Rxe4 Qxf5 20. Rae1 Rxe4
21. Rxe4 Nc4 22. Nh4 Qg5 23. g3 Nd6 24. Re7 Rf7 25. Re1 Qd5 26. b3 Rf8 27. Re7
Rf7 28. Re3 g6 29. Kh2 Kg7 30. Qe2 Nf5 31. Nxf5+ Qxf5 32. Re8 c5 33. dxc5 Qxc5
34. c4 a5 35. Kg1 b6 36. h4 Qf5 37. Kg2 Qd7 38. Qe4 Qd6 39. Qe2 f5 40. Kh3 h5
41. f4 Rf6 42. Re5 Rf7 43. Qe1 Kh7 44. Kg2 Qd4 45. Rd5 Qb2+ 46. Rd2 Qc3 47. Qe2
a4 48. Rd3 Qb4 49. Qb2 axb3 50. axb3 Qe1 51. Rd8 Qe4+ 52. Kf2 Rg7 53. Qc3 Qh1
54. Qe3 Qh2+ 55. Ke1 Qg2 56. Kd1 c5 57. Qc3 Qf1+ 58. Kc2 Qg2+ 59. Kb1 Qg1+ 60.
Kb2 Qg2+ 61. Rd2 Qg1 62. Rd8 Qg2+ 63. Kc1 Qg1+ 64. Kb2 Qg2+ 65. Kc1 Qg1+ 66.
Kb2 1/2-1/2

[Event "Russian Higher League 2020"]
[Site "?"]
[Date "2020.10.15"]
[Round "7.3"]
[White "Artemiev, Vladislav"]
[Black "Alekseev, Evgeny"]
[Result "1/2-1/2"]
[WhiteElo "2716"]
[BlackElo "2626"]
[PlyCount "84"]
[EventDate "2020.??.??"]

1. c4 c5 2. Nf3 Nc6 3. d4 cxd4 4. Nxd4 Qb6 5. Nb3 e6 6. Nc3 Bb4 7. e4 Nf6 8.
Bd3 Ne5 9. O-O Qd6 10. Bf4 Bxc3 11. bxc3 Qxd3 12. Bxe5 Qxd1 13. Raxd1 Nxe4 14.
Rfe1 f6 15. Rxe4 fxe5 16. Rxe5 b6 17. Nd4 Ke7 18. f4 g6 19. Nb5 Bb7 20. Nd6 Bc6
21. Kf2 Raf8 22. g3 h6 23. Ke3 Rf6 24. c5 Rb8 25. h4 Rff8 26. Rd4 bxc5 27. Rxc5
Bd5 28. c4 Bc6 29. Nb5 Rb7 30. Rd3 Rfb8 31. Nd4 Bh1 32. Rb3 a6 33. g4 Rg8 34.
Ne2 Bc6 35. Ra5 Ra8 36. f5 exf5 37. gxf5 g5 38. hxg5 hxg5 39. Kf2 Kf6 40. Nd4
Rxb3 41. axb3 Bb7 42. b4 Re8 1/2-1/2

[Event "Russian Higher League 2020"]
[Site "?"]
[Date "2020.10.15"]
[Round "7.4"]
[White "Paravyan, David"]
[Black "Antipov, Mikhail Al"]
[Result "0-1"]
[WhiteElo "2653"]
[BlackElo "2591"]
[PlyCount "84"]
[EventDate "2020.??.??"]

1. e4 e5 2. Nf3 Nc6 3. Bb5 Nf6 4. O-O Nxe4 5. d4 Nd6 6. Bxc6 dxc6 7. dxe5 Nf5
8. Qxd8+ Kxd8 9. Nc3 Bd7 10. h3 h6 11. b3 Kc8 12. Bb2 b6 13. Rad1 a5 14. a4 c5
15. g4 Ne7 16. Kh2 Nc6 17. Nd5 c4 18. bxc4 Nb4 19. Nd4 Bxa4 20. Ra1 Bd7 21.
Rfb1 Kb7 22. Ba3 g5 23. Kg2 Bg7 24. Re1 Nc6 25. c3 Nxe5 26. c5 Rhe8 27. cxb6
cxb6 28. Ne3 Nd3 29. Reb1 Rac8 30. Ndf5 Be5 31. Nd5 Nf4+ 32. Nxf4 Bxf5 33. gxf5
Bxf4 34. Re1 Re5 35. Rad1 Rxf5 36. Rd3 Rf6 37. Re4 Rfc6 38. Bb2 Rc4 39. Re7+
R8c7 40. Re8 h5 41. Kf3 f6 42. h4 gxh4 0-1

[Event "Russian Higher League 2020"]
[Site "?"]
[Date "2020.10.15"]
[Round "7.5"]
[White "Pridorozhni, Aleksei"]
[Black "Rakhmanov, Aleksandr"]
[Result "1/2-1/2"]
[WhiteElo "2596"]
[BlackElo "2646"]
[PlyCount "133"]
[EventDate "2020.??.??"]

1. e4 e5 2. Nf3 Nf6 3. d4 Nxe4 4. dxe5 d5 5. Nbd2 Nxd2 6. Bxd2 Be7 7. Bd3 c5 8.
c3 Nc6 9. O-O Be6 10. Re1 O-O 11. b4 c4 12. Bc2 d4 13. b5 dxc3 14. Bxc3 Qxd1
15. Rexd1 Nb4 16. Be4 Rad8 17. Nd4 Bc5 18. a4 Nd3 19. Bxd3 cxd3 20. Rxd3 Rd5
21. Rd2 Bxd4 22. Rxd4 Rxe5 23. Rad1 h5 24. h3 Rf5 25. Rd8 Rf4 26. Rxf8+ Kxf8
27. Rd8+ Ke7 28. Rb8 Rxa4 29. Rxb7+ Bd7 30. Bxg7 Ra5 31. Bc3 Rxb5 32. Rxa7 Rd5
33. Kh2 Ke6 34. Ra6+ Rd6 35. Ra8 Rd3 36. Bb4 Rd5 37. Rh8 Bb5 38. Rh6+ Kd7 39.
Ba3 Bd3 40. Bc1 Bg6 41. Rh8 Rc5 42. Be3 Rc8 43. Rh6 Rc4 44. Kg3 Re4 45. Bf4 Rc4
46. Be5 Ke6 47. Bg7 Rc8 48. Kf4 Rg8 49. Bd4 Ra8 50. f3 Ra4 51. Ke3 Ra2 52. g3
Kd5 53. Bg7 Ra3+ 54. Kf4 Ra4+ 55. Kg5 Ra3 56. g4 Rxf3 57. gxh5 Be4 58. h4 Rf5+
59. Kg4 Rf1 60. Bf6 Ke6 61. Bd4+ f6 62. Rh8 Kf7 63. h6 Bf5+ 64. Kg3 Be4 65. h7
Kg7 66. Rf8 Bxh7 67. Rxf6 1/2-1/2

[Event "Russian Higher League 2020"]
[Site "?"]
[Date "2020.10.15"]
[Round "7.6"]
[White "Ponkratov, Pavel"]
[Black "Sakaev, Konstantin"]
[Result "1/2-1/2"]
[WhiteElo "2628"]
[BlackElo "2596"]
[PlyCount "81"]
[EventDate "2020.??.??"]

1. e4 c5 2. Nf3 d6 3. d4 cxd4 4. Nxd4 Nf6 5. Nc3 a6 6. h3 e5 7. Nde2 h5 8. g3
Nbd7 9. a4 Be7 10. Bg2 b6 11. Nd5 Nxd5 12. Qxd5 Rb8 13. O-O h4 14. f4 hxg3 15.
Qb3 Bf6 16. Qxg3 Bb7 17. f5 Rc8 18. Rd1 Rxc2 19. Qd3 Rc6 20. Ng3 a5 21. Qf3 Ba6
22. Nh5 Rc2 23. Bd2 Qc7 24. Rac1 Ke7 25. Qb3 Rc8 26. Nxf6 Nxf6 27. Be3 Qc6 28.
Rxc2 Qxc2 29. Qxc2 Rxc2 30. Bxb6 Bb7 31. Bxa5 Rxb2 32. Rc1 Bxe4 33. Rc7+ Ke8
34. Rc8+ Kd7 35. Rc7+ Ke8 36. Rc8+ Kd7 37. Rc7+ Ke8 38. Rc8+ Kd7 39. Rc7+ Ke8
40. Rc8+ Kd7 41. Rc7+ 1/2-1/2

[Event "Russian Higher League 2020"]
[Site "?"]
[Date "2020.10.15"]
[Round "7.7"]
[White "Goryachkina, Aleksandra"]
[Black "Predke, Alexandr"]
[Result "1/2-1/2"]
[WhiteElo "2582"]
[BlackElo "2676"]
[PlyCount "117"]
[EventDate "2020.??.??"]

1. d4 Nf6 2. c4 e6 3. Nf3 d5 4. Nc3 Bb4 5. Qa4+ Nc6 6. Bd2 O-O 7. a3 Bxc3 8.
Bxc3 Ne4 9. Qc2 e5 10. cxd5 Qxd5 11. dxe5 Rd8 12. e3 Bf5 13. Nh4 Bg4 14. f3
Nxc3 15. Qxc3 Be6 16. f4 g5 17. fxg5 Nxe5 18. Be2 Nd3+ 19. Bxd3 Qxd3 20. Qxd3
Rxd3 21. Rd1 Rxe3+ 22. Kf2 Re4 23. Nf3 Re8 24. Rhe1 Rxe1 25. Rxe1 Rd8 26. Ke3
Rd5 27. h4 Kg7 28. Kf4 Rf5+ 29. Ke4 Rc5 30. Re2 a5 31. Nd4 Bd7 32. Kf4 Rd5 33.
Rd2 f6 34. gxf6+ Kxf6 35. g4 Rc5 36. Nf3 Be6 37. g5+ Ke7 38. Re2 Rf5+ 39. Ke4
c5 40. h5 Rf8 41. Re1 b6 42. Ne5 Rf5 43. Rg1 Rf2 44. h6 Bf5+ 45. Ke3 Rxb2 46.
g6 hxg6 47. Nf3 Rb3+ 48. Kf4 Rd3 49. h7 Rd8 50. Nh4 Kf7 51. Nxf5 gxf5 52. Kxf5
Rd5+ 53. Ke4 Rd4+ 54. Ke5 Rh4 55. Rb1 Rh5+ 56. Ke4 Rxh7 57. Rxb6 Rh3 58. Kd5
Rxa3 59. Kxc5 1/2-1/2